[Event "CAN-op"]
[Site "Quebec CAN"]
[Date "2018.07.10"]
[Round "5.6"]
[White "Chiku-Ratte, Olivier-Kenta"]
[Black "Tomb, Maroun"]
[Result "1-0"]
[WhiteElo "2278"]
[BlackElo "2152"]
[PlyCount "133"]
[EventDate "2018.07.07"]
[EventType "swiss"]
[EventRounds "9"]
[EventCountry "CAN"]

1. d4 Nf6 2. c4 g6 3. Nc3 Bg7 4. e4 d6 5. Bg5 O-O 6. Be2 c5 7. d5 a6 8. a4 h6
9. Bf4 Qa5 10. Qd2 b5 11. cxb5 axb5 12. Bxb5 Ba6 13. Bxa6 Nxa6 14. Nge2 Rfb8
15. f3 Kh7 16. O-O Rb3 17. Qc2 c4 18. Be3 Nb4 19. Qd2 Nd3 20. Ra2 Rab8 21. Rb1
Nd7 22. Nd1 c3 23. Nexc3 Bxc3 24. Qxd3 Bd4 25. Qe2 Rxe3 26. Nxe3 Rb3 27. Ra3
Bxe3+ 28. Kh1 Rxa3 29. bxa3 Bb6 30. Qb5 Qa7 31. Qc6 Bc5 32. a5 Ne5 33. Qb5 Bxa3
34. Qb6 Qd7 35. Qb7 Qa4 36. Qb3 Qxa5 37. Ra1 Qd2 38. Qxa3 Nd3 39. Qa7 Qb2 40.
Rf1 Qe2 41. Kg1 h5 42. h3 Kg7 43. Qd4+ f6 44. f4 h4 45. e5 dxe5 46. fxe5 Nxe5
47. d6 exd6 48. Qxh4 Qe3+ 49. Qf2 Qxf2+ 50. Kxf2 Kf7 51. Ke3 Ke6 52. Rd1 Nc4+
53. Kd4 Ne5 54. Ke4 g5 55. g3 f5+ 56. Ke3 Ng6 57. Kf3 Ne5+ 58. Kf2 Ng6 59. Ra1
Ke5 60. Ra5+ Ke4 61. h4 gxh4 62. gxh4 Kf4 63. Ra4+ Ke5 64. h5 Nh8 65. h6 Kf6
66. Ra8 Ng6 67. Rg8 1-0

[Event "CAN-op"]
[Site "Quebec CAN"]
[Date "2018.07.11"]
[Round "6.3"]
[White "Fedorowicz, John"]
[Black "Chiku-Ratte, Olivier-Kenta"]
[Result "1-0"]
[WhiteElo "2425"]
[BlackElo "2278"]
[PlyCount "107"]
[EventDate "2018.07.07"]
[EventType "swiss"]
[EventRounds "9"]
[EventCountry "CAN"]

1. d4 Nf6 2. c4 g6 3. Nc3 Bg7 4. Nf3 O-O 5. g3 d6 6. Bg2 c5 7. dxc5 dxc5 8. O-O
Nc6 9. Be3 Qa5 10. Qb3 Ng4 11. Bd2 Qb4 12. Na4 Qxb3 13. axb3 Nge5 14. Nxe5 Bxe5
15. Bxc6 bxc6 16. Bf4 Bd6 17. Rfd1 Rd8 18. Nxc5 Bg4 19. Nb7 Rdb8 20. Nxd6 exd6
21. f3 Be6 22. Ra3 a5 23. Rxd6 Rc8 24. Kf2 Kf8 25. Bg5 Rab8 26. Bf6 a4 27. Rxa4
Rxb3 28. c5 Rb5 29. Rad4 Rbb8 30. b4 Ra8 31. g4 h6 32. h4 Rab8 33. Kg3 Ra8 34.
e4 Kg8 35. Kf4 Kf8 36. g5 h5 37. Rd8+ Rxd8 38. Bxd8 Ke8 39. Bf6 Bd7 40. Ke5 Bh3
41. Kd6 Rc8 42. Rd2 Be6 43. Rd3 Bc4 44. Ra3 Kf8 45. Rc3 Bb5 46. Ra3 Bc4 47. f4
Ke8 48. f5 Bb5 49. fxg6 fxg6 50. Ra7 Bc4 51. e5 Kf8 52. e6 Re8 53. Rf7+ Kg8 54.
Rg7+ 1-0

[Event "CAN-op"]
[Site "Quebec CAN"]
[Date "2018.07.12"]
[Round "7.5"]
[White "Chiku-Ratte, Olivier-Kenta"]
[Black "Malakhovets, Sergey"]
[Result "1/2-1/2"]
[WhiteElo "2278"]
[BlackElo "1923"]
[PlyCount "175"]
[EventDate "2018.07.07"]
[EventType "swiss"]
[EventRounds "9"]
[EventCountry "CAN"]

1. d4 d5 2. c4 c6 3. Nf3 Nf6 4. e3 Bf5 5. Nc3 e6 6. Be2 Nbd7 7. Nh4 Bg6 8. O-O
dxc4 9. Nxg6 hxg6 10. Bxc4 Bd6 11. g3 Qe7 12. f4 Nb6 13. Bd3 Rd8 14. e4 Bc7 15.
Be3 Qd7 16. e5 Nfd5 17. Bf2 Nxc3 18. bxc3 Nd5 19. Qb3 Rb8 20. c4 Ne7 21. Be4 b5
22. a4 bxc4 23. Qxc4 O-O 24. Rac1 Rfc8 25. Rfd1 Bd8 26. Rb1 Rxb1 27. Rxb1 Bb6
28. Rb3 Rd8 29. Rd3 Nd5 30. Kg2 a5 31. Bf3 Nb4 32. Rd1 Qa7 33. h4 Qd7 34. g4
Rb8 35. Kg3 Bd8 36. Rc1 Qe7 37. Kh3 Nd5 38. f5 Qa3 39. Kg2 Nf4+ 40. Kg3 Rb3 41.
Qxb3 Qxb3 42. Kxf4 Qb2 43. Be3 Qh2+ 44. Ke4 gxf5+ 45. gxf5 Qxh4+ 46. Kd3 Qg3
47. Ke2 Qh2+ 48. Kd3 exf5 49. Bxc6 f4 50. Bd2 Qg3+ 51. Ke2 Bb6 52. Be4 g6 53.
Rc8+ Kg7 54. Rc3 Qh2+ 55. Kd3 Bxd4 56. Bxf4 Qxf4 57. Kxd4 Qd2+ 58. Bd3 g5 59.
Rc7 Qf4+ 60. Kd5 g4 61. Be4 Qd2+ 62. Kc6 Qd4 63. Bd5 Qxa4+ 64. Kd6 Qb4+ 65. Kc6
g3 66. Rxf7+ Kg6 67. Rf3 Qg4 68. Rf8 Qa4+ 69. Kc7 Qc2+ 70. Kd6 Qh2 71. Kd7 g2
72. Rg8+ Kh7 73. Rxg2 Qxe5 74. Kc6 Qc3+ 75. Kd6 a4 76. Ke6 Qe3+ 77. Kd6 Qf4+
78. Kc5 a3 79. Ra2 Qa4 80. Bc4 Kg7 81. Bb5 Qa5 82. Kc4 Kf6 83. Kc5 Ke5 84. Re2+
Kf4 85. Rf2+ Ke3 86. Re2+ Kf3 87. Ra2 Qc3+ 88. Bc4 1/2-1/2

[Event "CAN-op"]
[Site "Quebec CAN"]
[Date "2018.07.14"]
[Round "9.9"]
[White "Chiku-Ratte, Olivier-Kenta"]
[Black "Tanaka, Tyler"]
[Result "1-0"]
[WhiteElo "2278"]
[BlackElo "2054"]
[PlyCount "75"]
[EventDate "2018.07.07"]
[EventType "swiss"]
[EventRounds "9"]
[EventCountry "CAN"]

1. d4 Nf6 2. c4 g6 3. Nc3 Bg7 4. e4 d6 5. f3 O-O 6. Be3 c5 7. dxc5 dxc5 8. Qxd8
Rxd8 9. Bxc5 Nc6 10. Nd5 e6 11. Ne7+ Nxe7 12. Bxe7 Rd7 13. Ba3 b6 14. Rd1 Ba6
15. Nh3 Rad8 16. Rxd7 Nxd7 17. Nf2 Ne5 18. b3 Bh6 19. Bb4 Be3 20. Bc3 Nc6 21.
h4 Nd4 22. Ng4 Nc2+ 23. Ke2 Bd4 24. Kd2 Bxc3+ 25. Kxc3 Nd4 26. h5 Nc6 27. b4
Bb7 28. b5 Nd4 29. hxg6 hxg6 30. Nf6+ Kg7 31. e5 Nf5 32. Rh7+ Kf8 33. Bd3 Ne3
34. Bxg6 fxg6 35. Rxb7 Nxg2 36. Rxa7 Nf4 37. Nd7+ Ke8 38. Nxb6 1-0

[Event "Laval op"]
[Site "Laval CAN"]
[Date "2018.06.22"]
[Round "1.3"]
[White "Chiku-Ratte, Olivier-Kenta"]
[Black "Deschamps, Martin"]
[Result "1-0"]
[WhiteElo "2264"]
[BlackElo "1869"]
[PlyCount "63"]
[EventDate "2018.06.22"]
[EventType "swiss"]
[EventRounds "5"]
[EventCountry "CAN"]

1. d4 Nf6 2. c4 e6 3. Nc3 c5 4. d5 exd5 5. cxd5 d6 6. e4 g6 7. f4 Bg7 8. Bb5+
Bd7 9. e5 dxe5 10. fxe5 Qe7 11. Nf3 Ng4 12. d6 Qe6 13. Nd5 O-O 14. Nc7 Qf5 15.
Bd3 Qh5 16. Nxa8 Nc6 17. Nc7 Ncxe5 18. Nd5 Nxf3+ 19. Qxf3 Qe5+ 20. Qe4 Qxd6 21.
Bf4 Be5 22. Bxe5 Nxe5 23. O-O-O Bf5 24. Qe3 Nxd3+ 25. Rxd3 Bxd3 26. Qxd3 Re8
27. Rf1 f5 28. Qc4 Kg7 29. Qc3+ Kf7 30. Rd1 Re4 31. Qh8 Qxh2 32. Qf6+ 1-0

[Event "Laval op"]
[Site "Laval CAN"]
[Date "2018.06.23"]
[Round "2.2"]
[White "Zheng, Richard"]
[Black "Chiku-Ratte, Olivier-Kenta"]
[Result "0-1"]
[WhiteElo "1991"]
[BlackElo "2264"]
[PlyCount "72"]
[EventDate "2018.06.22"]
[EventType "swiss"]
[EventRounds "5"]
[EventCountry "CAN"]

1. d4 Nf6 2. c4 g6 3. g3 Bg7 4. Bg2 O-O 5. Nc3 c5 6. Nf3 d6 7. e4 Nc6 8. d5 Na5
9. Qe2 e6 10. O-O a6 11. Rd1 exd5 12. exd5 Re8 13. Qf1 Ne4 14. Bd2 Bg4 15. Nxe4
Rxe4 16. h3 Bd7 17. Ng5 Re8 18. Ne4 Be5 19. Kh2 b5 20. f4 Bxb2 21. Rab1 Nxc4
22. Nxd6 Nxd6 23. Rxb2 b4 24. Qg1 Qa5 25. Rc1 Rac8 26. g4 Qa3 27. Rbc2 Qd3 28.
f5 Re2 29. Bf4 Rxc2 30. Bxd6 Rxa2 31. Rxc5 Rxc5 32. Qxc5 Qf3 33. Qg1 b3 34. Be5
Qxd5 35. Bd4 Bc6 36. Bf2 Rxf2 0-1

[Event "Laval op"]
[Site "Laval CAN"]
[Date "2018.06.23"]
[Round "3.1"]
[White "Chiku-Ratte, Olivier-Kenta"]
[Black "Huang, Qiuyu"]
[Result "1-0"]
[WhiteElo "2264"]
[BlackElo "2104"]
[PlyCount "77"]
[EventDate "2018.06.22"]
[EventType "swiss"]
[EventRounds "5"]
[EventCountry "CAN"]

1. d4 d5 2. c4 e6 3. Nc3 Nf6 4. cxd5 exd5 5. Bg5 c6 6. e3 Be7 7. Bd3 Nbd7 8.
Nge2 O-O 9. O-O Re8 10. f3 Nf8 11. Qc2 g6 12. Kh1 Ne6 13. Bh4 Ng7 14. Bf2 Be6
15. e4 dxe4 16. fxe4 Ng4 17. Bg1 Bg5 18. Rf3 h5 19. Raf1 h4 20. Nf4 Bxf4 21.
Rxf4 Nh5 22. R4f3 f6 23. Ne2 Bf7 24. h3 Nh6 25. Qd2 Kg7 26. Be3 Rh8 27. e5 f5
28. Bg5 Qd5 29. Bxh4 Qxa2 30. g4 Nxg4 31. hxg4 Bd5 32. Kg1 Bxf3 33. Rxf3 fxg4
34. Nc3 Qe6 35. Bf6+ Kf7 36. Rf1 Rhg8 37. Ne4 Ke8 38. Nd6+ Kd7 39. Bc4 1-0

[Event "Laval op"]
[Site "Laval CAN"]
[Date "2018.06.24"]
[Round "4.1"]
[White "Rodrigue-Lemieux, Shawn"]
[Black "Chiku-Ratte, Olivier-Kenta"]
[Result "1/2-1/2"]
[WhiteElo "2223"]
[BlackElo "2264"]
[PlyCount "92"]
[EventDate "2018.06.22"]
[EventType "swiss"]
[EventRounds "5"]
[EventCountry "CAN"]

1. d4 Nf6 2. Nf3 g6 3. c4 Bg7 4. Nc3 O-O 5. e4 d6 6. Be2 c5 7. O-O cxd4 8. Nxd4
Nc6 9. Be3 Bd7 10. Qd2 Nxd4 11. Bxd4 a5 12. Rfe1 Bc6 13. Bd3 Ng4 14. Bxg7 Kxg7
15. Be2 Nf6 16. Bf1 e6 17. Rad1 Qb6 18. Qxd6 Kg8 19. Nd5 exd5 20. Qxf6 dxe4 21.
Rxe4 Qc5 22. Rh4 Rae8 23. Qf4 Re4 24. Qh6 Rxh4 25. Qxh4 Re8 26. Rd8 Qe5 27.
Rxe8+ Qxe8 28. Qd4 Qe1 29. Qd8+ Kg7 30. Qd4+ Kg8 31. Qc3 Qxc3 32. bxc3 b6 33.
f3 Kf8 34. Kf2 Ke7 35. Ke3 Kd6 36. Kd4 f6 37. f4 h6 38. Bd3 Bxg2 39. Bxg6 Bc6
40. Bf7 Bf3 41. a3 Bd1 42. Be8 Bc2 43. c5+ bxc5+ 44. Kc4 a4 45. Kb5 Kd5 46.
Bf7+ Kd6 1/2-1/2

[Event "Laval op"]
[Site "Laval CAN"]
[Date "2018.06.24"]
[Round "5.2"]
[White "Chiku-Ratte, Olivier-Kenta"]
[Black "Beaulieu, Eric"]
[Result "1-0"]
[WhiteElo "2264"]
[BlackElo "2125"]
[PlyCount "67"]
[EventDate "2018.06.22"]
[EventType "swiss"]
[EventRounds "5"]
[EventCountry "CAN"]

1. d4 Nf6 2. c4 e6 3. Nc3 d5 4. cxd5 exd5 5. Bg5 Be7 6. e3 Nbd7 7. Bd3 c6 8.
Nge2 h6 9. Bh4 Nh5 10. Bxe7 Qxe7 11. O-O Nb6 12. Qd2 O-O 13. Rae1 Re8 14. Nc1
Nf6 15. f3 Be6 16. Nb3 Rad8 17. Qf2 Nfd7 18. Kh1 c5 19. Bb1 cxd4 20. exd4 Rc8
21. f4 f5 22. Bxf5 Qf7 23. Bd3 Bf5 24. Be2 Nf6 25. Nc5 Nc4 26. Nb5 Rxc5 27.
dxc5 Ne4 28. Qd4 Ncd2 29. Nd6 Nxd6 30. Qxd2 Ne4 31. Qd4 Rd8 32. g4 Bd7 33. Bf3
Bc6 34. Bxe4 1-0

[Event "Montreal CC-ch"]
[Site "Montreal CAN"]
[Date "2018.06.08"]
[Round "1.2"]
[White "Martel, Paul"]
[Black "Chiku-Ratte, Olivier-Kenta"]
[Result "0-1"]
[WhiteElo "1638"]
[BlackElo "2399"]
[PlyCount "100"]
[EventDate "2018.06.08"]
[EventType "swiss"]
[EventRounds "5"]
[EventCountry "CAN"]

1. d4 Nf6 2. Bf4 g6 3. e3 Bg7 4. Nf3 O-O 5. Be2 d6 6. h3 c5 7. c3 Qb6 8. Qb3
Qc7 9. Nbd2 b6 10. O-O Bb7 11. Rac1 Nc6 12. Rfe1 Rad8 13. Qc2 Qb8 14. a3 Qa8
15. Bf1 Rfe8 16. Rcd1 e5 17. dxe5 dxe5 18. Bg3 e4 19. Nh4 Ne7 20. Nc4 g5 21.
Nd6 gxh4 22. Nxe8 hxg3 23. Nxf6+ Bxf6 24. fxg3 Bd5 25. Qf2 Be5 26. Be2 Qb8 27.
Kh2 b5 28. Rf1 f5 29. Qe1 Kh8 30. Rd2 Rg8 31. Qd1 Rxg3 32. Kh1 Rxe3 33. Qc1
Rxe2 34. Rxe2 f4 35. Qd1 Qb7 36. Ref2 Qc7 37. Rd2 Qc6 38. Qh5 Qf6 39. Rfd1 Bf7
40. Rd8+ Kg7 41. Qg4+ Kh6 42. Rf8 Ng6 43. Rfd8 Be6 44. Qe2 e3 45. Qf3 Nh4 46.
Qe4 f3 47. Qxe3+ Bf4 48. Qe4 fxg2+ 49. Kg1 c4 50. R1d4 Bg5 0-1

[Event "Montreal CC-ch"]
[Site "Montreal CAN"]
[Date "2018.06.09"]
[Round "2.2"]
[White "Chiku-Ratte, Olivier-Kenta"]
[Black "Barko, Maxim"]
[Result "1-0"]
[WhiteElo "2399"]
[BlackElo "1919"]
[PlyCount "113"]
[EventDate "2018.06.08"]
[EventType "swiss"]
[EventRounds "5"]
[EventCountry "CAN"]

1. d4 Nf6 2. c4 e6 3. Nf3 d5 4. Nc3 a6 5. cxd5 Nxd5 6. e4 Nxc3 7. bxc3 c5 8. d5
exd5 9. exd5 Bd6 10. Bg5 f6 11. Bh4 O-O 12. Be2 Bg4 13. O-O Nd7 14. a4 Re8 15.
a5 Ne5 16. Ra2 Qc7 17. h3 Bxf3 18. Bxf3 Ng6 19. Ra4 Nxh4 20. Rxh4 Qxa5 21. Qb1
g6 22. Qxb7 Qc7 23. Qxc7 Bxc7 24. d6 Bxd6 25. Bxa8 Rxa8 26. Rd1 Be5 27. Rc4 a5
28. f4 Bc7 29. Rd7 Bd8 30. Ra4 f5 31. Kf2 Bf6 32. Ra3 a4 33. Rb7 Bg7 34. Rb2 h5
35. Rba2 Rd8 36. Rxa4 Bxc3 37. Ra6 Kh7 38. Rc6 Bd4+ 39. Ke2 Rd7 40. Raa6 Rg7
41. g3 Bg1 42. Kf3 Bd4 43. g4 hxg4+ 44. hxg4 fxg4+ 45. Kxg4 Be3 46. Kg5 Rf7 47.
Rf6 Rg7 48. Rae6 Bd2 49. Re2 Bc3 50. Rh2+ Kg8 51. Rxg6 Bd4 52. Ra2 Rxg6+ 53.
Kxg6 Kf8 54. Ra7 Ke8 55. f5 Kd8 56. f6 c4 57. Ra4 1-0

[Event "Montreal CC-ch"]
[Site "Montreal CAN"]
[Date "2018.06.09"]
[Round "3.1"]
[White "Chang, Alexander RZ"]
[Black "Chiku-Ratte, Olivier-Kenta"]
[Result "0-1"]
[WhiteElo "1945"]
[BlackElo "2399"]
[PlyCount "118"]
[EventDate "2018.06.08"]
[EventType "swiss"]
[EventRounds "5"]
[EventCountry "CAN"]

1. e4 c5 2. Nf3 g6 3. d4 cxd4 4. Nxd4 Bg7 5. c4 Nc6 6. Be3 Nf6 7. Nc3 d6 8. Be2
O-O 9. O-O Bd7 10. f3 Nxd4 11. Bxd4 a5 12. b3 Bc6 13. Qd2 Nd7 14. Be3 Nc5 15.
Rab1 e6 16. a3 a4 17. b4 Nb3 18. Qc2 Qf6 19. Na2 Rac8 20. Qd3 d5 21. cxd5 exd5
22. b5 Bd7 23. Bd1 d4 24. Bf2 Be6 25. Bxb3 axb3 26. Nb4 Bc4 27. Qd2 Bxf1 28.
Kxf1 Qb6 29. a4 Qa5 30. Rxb3 Qxa4 31. Rb1 Qxb5+ 32. Qd3 Qxd3+ 33. Nxd3 Rc3 34.
Ke2 Ra8 35. Rb2 Raa3 36. Rd2 Kf8 37. f4 Ke7 38. e5 Ra4 39. Nb2 Ra2 40. Bxd4 Rc6
41. Nd3 Rxd2+ 42. Kxd2 Ke6 43. Ke3 Rc4 44. g4 Kd5 45. Bb6 f6 46. exf6 Bxf6 47.
f5 Rxg4 48. fxg6 hxg6 49. Kf3 Ra4 50. Nf4+ Kc6 51. Be3 g5 52. Nd3 b5 53. Bc5
Rc4 54. Bf8 Kd5 55. Ke3 Bd4+ 56. Kd2 Ra4 57. Nb4+ Kc4 58. Nc2 Ra2 59. Bb4 Kb3
0-1

[Event "Montreal CC-ch"]
[Site "Montreal CAN"]
[Date "2018.06.10"]
[Round "4.1"]
[White "Chiku-Ratte, Olivier-Kenta"]
[Black "Pomerantz, Daniel"]
[Result "1-0"]
[WhiteElo "2399"]
[BlackElo "2047"]
[PlyCount "85"]
[EventDate "2018.06.08"]
[EventType "swiss"]
[EventRounds "5"]
[EventCountry "CAN"]

1. d4 Nf6 2. c4 e6 3. Nf3 Bb4+ 4. Bd2 c5 5. Bxb4 cxb4 6. a3 bxa3 7. Rxa3 d6 8.
Nc3 O-O 9. e3 Nc6 10. Be2 Nb4 11. O-O Qe7 12. Qd2 a5 13. Rfa1 b6 14. Na2 Ne4
15. Qd1 Nxa2 16. R1xa2 Bb7 17. Qc2 Bc6 18. Bd3 Nf6 19. Nd2 Qb7 20. f3 e5 21. d5
Bd7 22. g4 g6 23. g5 Nh5 24. Ne4 Qc7 25. b4 Bf5 26. bxa5 bxa5 27. c5 Bxe4 28.
Bxe4 Qd8 29. h4 Kg7 30. c6 h6 31. Qg2 hxg5 32. hxg5 Rh8 33. Rb2 Rb8 34. Rxb8
Qxb8 35. Rc3 Qb4 36. Rc1 Qa3 37. Qd2 Ng3 38. Kg2 Nxe4 39. fxe4 Qa4 40. Qc2 Qb4
41. Rb1 Qa3 42. Qf2 Qd3 43. Qf6+ 1-0

[Event "Montreal CC-ch"]
[Site "Montreal CAN"]
[Date "2018.06.10"]
[Round "5.1"]
[White "Rodrigue-Lemieux, Shawn"]
[Black "Chiku-Ratte, Olivier-Kenta"]
[Result "0-1"]
[WhiteElo "2341"]
[BlackElo "2399"]
[PlyCount "76"]
[EventDate "2018.06.08"]
[EventType "swiss"]
[EventRounds "5"]
[EventCountry "CAN"]

1. d4 Nf6 2. Nf3 g6 3. Bf4 Bg7 4. e3 O-O 5. Be2 d6 6. h3 c5 7. c3 b6 8. O-O Bb7
9. a4 a6 10. Nbd2 Nbd7 11. Qc2 Qc7 12. Rfc1 Bc6 13. b4 Nd5 14. Bg3 cxb4 15.
cxb4 Nxb4 16. Qc4 a5 17. Rab1 Rfc8 18. Rxb4 axb4 19. d5 Ra5 20. Qxc6 Rc5 21.
Rxc5 Nxc5 22. Nd4 Qxc6 23. Nxc6 Kf8 24. Nc4 b3 25. Bd1 b2 26. Bc2 Nxa4 27. Bh4
Bf6 28. Bxf6 exf6 29. Kf1 Ra8 30. Ke1 b5 31. Nxd6 Nc3 32. Kd2 Nxd5 33. e4 Nc7
34. e5 Ra1 35. exf6 Ra6 36. Nb4 Rxd6+ 37. Kc3 Nd5+ 38. Nxd5 Rxd5 0-1

[Event "Ligue elite du dimanche"]
[Site "Montreal CAN"]
[Date "2018.05.26"]
[Round "1"]
[White "Chiku-Ratte, Olivier-Kenta"]
[Black "Rodrigue-Lemieux, Shawn"]
[Result "1-0"]
[WhiteElo "2407"]
[BlackElo "2330"]
[PlyCount "151"]
[EventDate "2018.05.26"]
[EventType "team"]
[EventRounds "3"]
[EventCountry "CAN"]
[WhiteTeam "WE ARE GROOTS"]
[BlackTeam "PODY"]

1. d4 Nf6 2. c4 e6 3. Nf3 Bb4+ 4. Bd2 a5 5. Bxb4 axb4 6. a3 O-O 7. e3 d5 8. Qb3
Nc6 9. c5 bxa3 10. Rxa3 Rxa3 11. Qxa3 e5 12. dxe5 Nd7 13. Qc3 Qe7 14. b4 Ndxe5
15. Nxe5 Nxe5 16. Be2 Qg5 17. g3 Bg4 18. Bxg4 Nxg4 19. Nd2 d4 20. Qxd4 Rd8 21.
h4 Rxd4 22. hxg5 Rxb4 23. Ke2 Rb2 24. Rh4 f5 25. gxf6 Nxf6 26. Rc4 Kf7 27. e4
g5 28. e5 Nd7 29. f4 gxf4 30. gxf4 h5 31. Ke3 h4 32. Nf3 h3 33. Rc1 Ke6 34. c6
bxc6 35. Rxc6+ Kd5 36. Rh6 h2 37. Nxh2 Rb3+ 38. Kd2 Rb2+ 39. Kc3 Rf2 40. e6 Nc5
41. e7 Re2 42. Ng4 Rxe7 43. Nf6+ Kd6 44. Kc4 Ne6 45. f5 Ke5 46. Nd5 Re8 47. f6
Rf8 48. Rh5+ Kd6 49. Rf5 c6 50. Nc3 Nc7 51. Ne4+ Ke6 52. Rf1 Ne8 53. Ng5+ Ke5
54. f7 Nd6+ 55. Kc5 Nxf7 56. Nxf7+ Ke6 57. Ng5+ Ke7 58. Re1+ Kd7 59. Ne4 Rf5+
60. Kc4 Rf4 61. Kd4 Rf5 62. Nc5+ Kc7 63. Re7+ Kc8 64. Ne6 Rd5+ 65. Kc4 Rh5 66.
Nd4 Rg5 67. Nf3 Rd5 68. Ne5 Rb5 69. Kd4 Rd5+ 70. Ke4 Rd1 71. Kf5 Rd6 72. Nc4
Rh6 73. Ke5 Rg6 74. Nd6+ Kd8 75. Rh7 c5 76. Kd5 1-0

[Event "Vendredi 2018.05.11 A"]
[Site "Montreal CAN"]
[Date "2018.05.11"]
[Round "1"]
[White "Chiku-Ratte, Olivier-Kenta"]
[Black "McDonough, Jonathan"]
[Result "1-0"]
[WhiteElo "2407"]
[BlackElo "2205"]
[PlyCount "127"]
[EventDate "2018.05.11"]
[EventType "tourn"]
[EventRounds "3"]
[EventCountry "CAN"]

1. d4 Nf6 2. c4 g6 3. Nc3 d5 4. cxd5 Nxd5 5. e4 Nxc3 6. bxc3 Bg7 7. Nf3 c5 8.
Rb1 O-O 9. Be2 b6 10. O-O Bb7 11. d5 Bxc3 12. Bc4 Bg7 13. Qe2 Qc8 14. e5 Ba6
15. e6 fxe6 16. Ng5 exd5 17. Bxd5+ Kh8 18. Qe4 Bxf1 19. Nxh7 Qf5 20. Nxf8 Bd3
21. Qh4+ Qh5 22. Qxh5+ gxh5 23. Rb3 c4 24. Rxd3 cxd3 25. Ng6+ Kh7 26. Nxe7 Nc6
27. Be4+ Kh8 28. Nxc6 Re8 29. f3 Bc3 30. Kf2 d2 31. Bxd2 Bxd2 32. Nxa7 h4 33.
a4 Bf4 34. g3 hxg3+ 35. hxg3 Bd6 36. Nb5 Bb8 37. Nd4 Be5 38. Nf5 Rc8 39. f4 Bb8
40. Bd3 Rc3 41. Bb5 Kh7 42. Kg2 Kg6 43. Ne7+ Kh5 44. Nd5 Ra3 45. Nxb6 Kg4 46.
Bd7+ Kh5 47. Nd5 Rd3 48. Bc6 Ra3 49. Be8+ Kg4 50. Bd7+ Kh5 51. Nf6+ Kg6 52. Ne4
Kh5 53. f5 Re3 54. Bc6 Kg4 55. f6 Be5 56. f7 Bg7 57. Nf6+ Kf5 58. Nh7 Rc3 59.
Bb5 Kg4 60. Bd7+ Kh5 61. f8=Q Bxf8 62. Nxf8 Rd3 63. Bb5 Ra3 64. Kh3 1-0

[Event "Vendredi 2018.05.11 A"]
[Site "Montreal CAN"]
[Date "2018.05.18"]
[Round "2"]
[White "Yu, Zong Yang"]
[Black "Chiku-Ratte, Olivier-Kenta"]
[Result "1-0"]
[WhiteElo "2465"]
[BlackElo "2407"]
[PlyCount "89"]
[EventDate "2018.05.11"]
[EventType "tourn"]
[EventRounds "3"]
[EventCountry "CAN"]

1. d4 Nf6 2. Nf3 g6 3. c4 Bg7 4. Nc3 O-O 5. e4 d6 6. Be2 c5 7. O-O cxd4 8. Nxd4
Nc6 9. Be3 Bd7 10. Qd2 Nxd4 11. Bxd4 Bc6 12. f3 a5 13. b3 Nd7 14. Be3 Nc5 15.
Rab1 e6 16. Rfd1 Be5 17. Bd4 Qe7 18. Bf1 Bxd4+ 19. Qxd4 Rad8 20. Qe3 e5 21. Rd2
Ne6 22. Rbd1 f5 23. exf5 gxf5 24. Kh1 Kh8 25. Rxd6 e4 26. Rxd8 Rxd8 27. Rxd8+
Qxd8 28. fxe4 f4 29. Qh3 Nd4 30. Qh6 f3 31. Qf4 fxg2+ 32. Bxg2 Qe7 33. Nd5 Bxd5
34. cxd5 Qc5 35. Qe3 b6 36. e5 Nxb3 37. Qxc5 Nxc5 38. d6 Kg7 39. Bd5 Kf8 40. e6
h6 41. e7+ Ke8 42. Bc6+ Nd7 43. a4 h5 44. h4 b5 45. Bxb5 1-0

[Event "Vendredi 2018.05.11 A"]
[Site "Montreal CAN"]
[Date "2018.05.25"]
[Round "3"]
[White "Chiku-Ratte, Olivier-Kenta"]
[Black "Cardona, Misael"]
[Result "1/2-1/2"]
[WhiteElo "2407"]
[BlackElo "2196"]
[PlyCount "82"]
[EventDate "2018.05.11"]
[EventType "tourn"]
[EventRounds "3"]
[EventCountry "CAN"]

1. d4 d6 2. c4 f5 3. g3 g6 4. Bg2 Nf6 5. Nf3 Bg7 6. O-O O-O 7. Nc3 c6 8. Re1
Na6 9. d5 e5 10. dxe6 Bxe6 11. Bf4 Bxc4 12. Bxd6 Re8 13. Ne5 Bd5 14. Nxd5 Qxd6
15. Nxf6+ Qxf6 16. Qb3+ Qe6 17. Qxb7 Nc5 18. Qxc6 Qxe5 19. Qd5+ Qxd5 20. Bxd5+
Kf8 21. Bxa8 Rxa8 22. Rac1 Ne6 23. b4 Rb8 24. Rc4 Rd8 25. Kg2 Ke7 26. e3 Rd2
27. a4 Be5 28. h4 Ra2 29. b5 Bd6 30. Rec1 h6 31. R1c2 Ra3 32. Kf3 g5 33. hxg5
hxg5 34. R2c3 g4+ 35. Kg2 Ra2 36. Rc2 Ra1 37. Rc1 Ra2 38. Rh1 Ng5 39. Rh5 Kf6
40. Rh6+ Ke7 41. Rh5 Kf6 1/2-1/2

[Event "Quebec-ch U20 inv."]
[Site "Montreal CAN"]
[Date "2018.04.20"]
[Round "1"]
[White "Ouellet, Maili-Jade"]
[Black "Chiku-Ratte, Olivier-Kenta"]
[Result "0-1"]
[WhiteElo "2314"]
[BlackElo "2394"]
[PlyCount "68"]
[EventDate "2018.04.20"]
[EventType "tourn"]
[EventRounds "5"]
[EventCountry "CAN"]

1. d4 Nf6 2. c4 g6 3. Nc3 Bg7 4. e4 d6 5. f4 O-O 6. Nf3 c5 7. d5 e6 8. Be2 exd5
9. cxd5 Re8 10. Nd2 a6 11. a4 a5 12. O-O Na6 13. Bf3 Nd7 14. Nb5 Nb6 15. Rb1
Nb4 16. b3 f5 17. Ba3 Bf8 18. g3 Bd7 19. Bb2 Bxb5 20. axb5 Bg7 21. Bxg7 Kxg7
22. Bg2 Qf6 23. exf5 gxf5 24. Nc4 Nxc4 25. bxc4 a4 26. Kh1 a3 27. Ra1 a2 28.
Qb3 Re2 29. Rfc1 Rb2 30. Qd1 Nc2 31. Rxc2 Rxc2 32. Qe1 Re2 33. Qf1 Rae8 34. Bf3
Re1 0-1

[Event "Quebec-ch U20 inv."]
[Site "Montreal CAN"]
[Date "2018.04.21"]
[Round "2"]
[White "Chiku-Ratte, Olivier-Kenta"]
[Black "Rodrigue-Lemieux, Shawn"]
[Result "0-1"]
[WhiteElo "2394"]
[BlackElo "2298"]
[PlyCount "96"]
[EventDate "2018.04.20"]
[EventType "tourn"]
[EventRounds "5"]
[EventCountry "CAN"]

1. d4 Nf6 2. c4 e6 3. Nc3 Bb4 4. f3 Nc6 5. a3 Bxc3+ 6. bxc3 b6 7. e4 Ba6 8. Bd3
Na5 9. Qe2 d6 10. f4 Qd7 11. Nf3 c5 12. d5 exd5 13. cxd5 Bxd3 14. Qxd3 c4 15.
Qe2 O-O 16. O-O Rfe8 17. Nd2 Nxd5 18. Qf3 Nf6 19. Re1 Rac8 20. a4 Qc6 21. Bb2
Nb3 22. Nxb3 cxb3 23. e5 dxe5 24. Qxc6 Rxc6 25. Rxe5 Rxe5 26. fxe5 Nd7 27. a5
Nxe5 28. axb6 Rxb6 29. Rxa7 h6 30. Ra8+ Kh7 31. Ra1 Nd3 32. Rb1 Ra6 33. h3 Ra2
34. Ba1 b2 35. Bxb2 Rxb2 36. Rd1 Nf4 37. Rf1 g5 38. h4 Rxg2+ 39. Kh1 Rc2 40.
hxg5 hxg5 41. Rf3 Kg6 42. Rg3 f5 43. Re3 g4 44. Re8 Kg5 45. Rh8 g3 46. Rg8+ Kh4
47. Rh8+ Kg4 48. Rg8+ Kf3 0-1

[Event "Quebec-ch U20 inv."]
[Site "Montreal CAN"]
[Date "2018.04.21"]
[Round "3"]
[White "Huang, Qiuyu"]
[Black "Chiku-Ratte, Olivier-Kenta"]
[Result "0-1"]
[WhiteElo "2249"]
[BlackElo "2394"]
[PlyCount "96"]
[EventDate "2018.04.20"]
[EventType "tourn"]
[EventRounds "5"]
[EventCountry "CAN"]

1. e4 c5 2. Nf3 g6 3. d4 cxd4 4. Nxd4 Bg7 5. Nc3 Nc6 6. Be3 Nf6 7. Bc4 Qa5 8.
O-O O-O 9. Bb3 d6 10. h3 Bd7 11. Re1 Rfc8 12. Nf3 Be8 13. Qd2 Nd7 14. Nd4 Nce5
15. Rad1 Nc4 16. Bxc4 Rxc4 17. Nd5 Qd8 18. b3 Rcc8 19. c4 e6 20. Nc3 a6 21. Rc1
Rab8 22. Red1 Nc5 23. Nde2 Bc6 24. f3 Be5 25. b4 Na4 26. f4 Nxc3 27. Nxc3 Bg7
28. Bd4 e5 29. fxe5 dxe5 30. Ba7 Qxd2 31. Rxd2 Bh6 32. Rdc2 Bxc1 33. Rxc1 Ra8
34. Bb6 f5 35. exf5 gxf5 36. Re1 Re8 37. a4 Kf7 38. b5 axb5 39. cxb5 Bd7 40. a5
e4 41. Nd5 Rac8 42. Nc7 Re7 43. Rb1 Be6 44. Rc1 e3 45. Rc5 e2 46. Kf2 Bc4 47.
Ke1 Rd8 48. Rxf5+ Kg6 0-1

[Event "Quebec-ch U20 inv."]
[Site "Montreal CAN"]
[Date "2018.04.22"]
[Round "4"]
[White "Chiku-Ratte, Olivier-Kenta"]
[Black "Yu, Zong Yang"]
[Result "1-0"]
[WhiteElo "2394"]
[BlackElo "2522"]
[PlyCount "69"]
[EventDate "2018.04.20"]
[EventType "tourn"]
[EventRounds "5"]
[EventCountry "CAN"]

1. d4 Nf6 2. c4 e6 3. Nc3 Bb4 4. f3 O-O 5. a3 Bxc3+ 6. bxc3 Ne8 7. e4 b6 8. Nh3
Ba6 9. Bd3 Nc6 10. O-O Na5 11. Qe2 c5 12. e5 f6 13. Ra2 Rc8 14. Rc2 Qe7 15. f4
f5 16. Ng5 h6 17. Nf3 d5 18. exd6 Nxd6 19. Ne5 Rfe8 20. h3 Bb7 21. Kh2 Ne4 22.
g4 Nc6 23. Nf3 Nd8 24. g5 Nf7 25. gxh6 gxh6 26. Ne5 Kh7 27. Qh5 Nh8 28. d5 Nd6
29. Rg1 Rg8 30. Rcg2 Rxg2+ 31. Rxg2 b5 32. Nf3 Rg8 33. Ng5+ Rxg5 34. fxg5 Qg7
35. Bf4 1-0